01320nam a2200241Ia 4500001000900000003001000009008004100019040002500060041001400085100001100099245002400110250001100134260005600145300001200201500026200213501011400475520026200589650001500851942000700866957000600873999004100879952015800920L110-769IT-CnALBA170116s9999||||xx |||||||||||||| ||und|| aIT-CnALBAcIT-CnALBA aFRANCESE  aNYS D. 0aCOSMOLOGIE VOL. I.  a4a ed. a LOUVAINbWARNY EM., EDITEUR c1928 [1° Ed.: n.d.] a336 p.  aBIBLIOTECA CAN. CHIESA. MECCANICISMO NELLA STORIA. ESAME DEL MECCANICISMO. ATOMO: ESISTENZA COSTITUZIONE E PROPRIETÀ. MONDO INORGANICO. ORDINE FISICO. ORDINE MECCANICO. NEOMECCANICISMO. ESPOSIZIONE E CRITICA DEL SISTEMA. ATOMISMO DINAMICO. ARGOMENTI DEL M aSocietà San Paolo EM - Piazza San Paolo, 14 - 12051 ALBA (CN) (non commercial uses only) ® Copyright 2017 aBIBLIOTECA CAN. CHIESA. MECCANICISMO NELLA STORIA. ESAME DEL MECCANICISMO. ATOMO: ESISTENZA COSTITUZIONE E PROPRIETÀ. MONDO INORGANICO. ORDINE FISICO. ORDINE MECCANICO. NEOMECCANICISMO. ESPOSIZIONE E CRITICA DEL SISTEMA. ATOMISMO DINAMICO. ARGOMENTI DEL M aMETAFISICA cBK 71 a867bSI g Copie: 1 c260004d260004 0010406L_11076971aALBAbALBAd2017-01-16l0oL110-769r2017-01-16 00:00:00w2017-01-16yBKz(data import: 16 gennaio 2017) - By Epidotti, Vaglietti.